000 00487nam a2200193 a 4500
001 1768117515645
003 YourLibrary
005 20260112125814.0
008 260111s2007##################000#0#eng##
020 _a9781933146293
082 0 4 _a302.2244
_bGUI
100 1 _aGuillen, Matthew,
_eauthor.
245 1 0 _aReading America :
260 _bAcademica Press,LLC,
_c2007.
300 _a688 pages
650 0 _aArt.
942 _cENGLISH
040 _aYourLibrary
_beng
_cYourLibrary
999 _c608259
_d608259